zpět

Detail výsledku týmu

Bar U Souseda, Plzeň

Datum a čas kvízu

30.5 Celkem bodů Celkový počet nahraných bodů na tomto kvízu bez doplňovacích otázek.
6. Pořadí na kvízu Konečné umístění týmu na tomto kvízu.

Zaznamenané odpovědi

# Otázka Odpověď Body Výsledky
1. Která česká zoologická zahrada... Zoo Plzeň 0
2. Na internetu se minulý týden o... A 1
3. Napište jméno skotského herce... Iain Glen; Hra o trůny 0.5
4. Jedna automobilka představila... Ferrari 0
5. Fanoušek Manchesteru United, F... C) ostříhat si vlasy 1
6. Hned v úvodu bod rozdělíme: za... Ulánbátar; Altaj 0
7. Mongolština může být zapisován... cyrilice (azbuka) 1
8. Jak se jmenuje hudební skupina... The Hu 0
9. Které náboženství je v Mongols... buddhismus (lamaismus) 0
10. Jak se jmenuje česká spisovate... Petra Hůlová 0